V novej "podnikovej" kultúre

Kontakty slovenských podnikov s francúzskymi. Vedeckovýskumná skupina GREG zaoberajúca sa otázkami spolupráce francúzskych a slovenských podnikov. Hlavné formy podnikov. Výhody spolupráce s Francúzskom. Nová podniková kultúra korešpondujúca s trhovou ekonomikou a modernizáciou výroby. Problémy vo vz...

Ausführliche Beschreibung

Gespeichert in:
Bibliographische Detailangaben
1. Verfasser: Kita, Jaroslav
Format: Buchkapitel
Sprache:Slowakisch
Schlagworte:
Tags: Tag hinzufügen
Keine Tags, Fügen Sie das erste Tag hinzu!

MARC

LEADER 00000naa a2200000 4500
001 r016511
005 20221213113646.0
041 0 |a slo 
044 |a SK 
245 1 0 |a V novej "podnikovej" kultúre  |c Jaroslav Kita 
520 |a Kontakty slovenských podnikov s francúzskymi. Vedeckovýskumná skupina GREG zaoberajúca sa otázkami spolupráce francúzskych a slovenských podnikov. Hlavné formy podnikov. Výhody spolupráce s Francúzskom. Nová podniková kultúra korešpondujúca s trhovou ekonomikou a modernizáciou výroby. Problémy vo vzájomných vzťahoch francúzskych a slovenských podnikov. 
610 2 0 |a marketing 
610 2 0 |a Slovensko 
610 2 0 |a Francúzsko 
610 2 0 |a 1994 
610 2 0 |a 1993 
610 2 0 |a obchod zahraničný 
610 2 0 |a univerzity 
610 2 0 |a spolupráca podnikov 
610 2 0 |a spolupráca vedeckotechnická 
100 1 |a Kita, Jaroslav